000 00856nas a2200289 4500
001 BR2016004380
003 BR-BrBNA
005 20231205130802.0
007 ta
008 230509b bl.|||p| |||| 00| 00por d
040 _aBR-BrBNA
_bpor
_cBiblioteca Nacional de Agricultura
041 _a(Pt)
072 _aH10
100 1 _aDell´Erba, R.
100 1 _aKaminski, L.A.
100 1 _aMoreira, G.R.P.
245 1 _aO estágio de ovo dos Heliconiini (Lepidoptera, Nymphalidae)do Rio Grande do Sul, Brasil
650 _aBORBOLETA
650 _aINSETO
650 _aPLANTA HOSPEDEIRA
650 _aEPÉCIE
650 _aBIOLOGIA
650 _aPRAGA DE PLANTA
773 0 _tIheringia. Série Zoologia (Brazil)
_xISSN 0073-4721
_g(Mar 2005), v. 95(1) p. 29-46
_wBR2016004380
909 _a202311
_bLúcia
_c55
_dLúcia Elande
942 _2AGRIS
_n0
_cANA
999 _c251231
_d251231